LEADER 01438nam a2200301 i 4500 001 000000152090 003 CaOOAMICUS 005 20060724000000.0 008 060724s2006 gw u000 u ger u 013 $a129431 020 $a3-451-02220-3 040 $aSeMil$bita 100 1 $aRömelt, Josef,$c.$0(OLS)http://semarc/name/2568 245 10$aMenschenwürde und Freiheit :$bRechtsethik und Theologie des Rechts jenseits von Naturrecht und Positivismus /$cJosef Römelt. 260 $aFreiburg ; Basel ; Wien :$bHerder,$c2006. 300 $a191 p. ;$c22 cm. 490 0 $aQuaestiones disputatae ;$v220 500 $aContiene : Literaturverzeichnis. 650 4$aFilosofia del diritto.$0(OLS)http://semarc/subject/2001 650 4$aTeologia del diritto.$0(OLS)http://semarc/subject/4769 650 4$aEtica del diritto.$0(OLS)http://semarc/subject/29665 830 0$aQuaestiones disputatae ;$v220.$0(OLS)http://semarc/title/436628 850 $aSeMil 852 $aSeMil$W1$xVenegono$y1$m2M I 572$j104049$B104049$CSeMilBibl$Z2$F113103 $81 961 $aSottoscrizione: Herder 996 $6020$a3-451-02220-3$9(OLS)http://semarc/number/141722 996 $6245$aMenschenwürde und Freiheit :$bRechtsethik und Theologie des Rechts jenseits von Naturrecht und Positivismus$9(OLS)http://semarc/title/222309 996 $6260$aFreiburg ; Basel ; Wien :$bHerder$9(OLS)http://semarc/publisher/29643 LEADER 01036nam a2200241 4500 001 000000360602 003 CaOOAMICUS 005 20241108112258.0 008 241108s1988 it 000 u lat r 040 $aSeMil$bita 100 0 $aTommaso : d'Aquino,$c.$0(OLS)http://semarc/name/423 240 10$aSumma theologiae.$0(OLS)http://semarc/title/1621 245 10$aSumma theologiae /$cSancti Thomae de Aquino. 264 1$aCinisello Balsamo (MI) :$bEditiones Paulinae,$c1988. 300 $aLXXI, 2847 p. ;$c25 cm 500 $aEditio altera paululum emendata 650 4$aTommaso : d'Aquino . Summa theologiae.$0(OLS)http://semarc/subject/340 850 $aSeMil 852 $aSeMil$W1$xVenegono$y1$m2N VI 99$j252190$B251607$CSeMilBibl$Z2$F251607 $81 961 $aConti don Gildo - Omaggio 996 $6245$aSumma theologiae$9(OLS)http://semarc/title/451120 996 $6264$aCinisello Balsamo (MI) :$bEditiones Paulinae$9(OLS)http://semarc/publisher/62069